00393nam a2200133Ia 4500008004100000082002000041100001800061245004000079260004200119365000600161530001200167630004000179730004000219100415s9999 xx 000 0 und d b22132a595.3843 aKensley,Brien aShrimps & Prawns of Southern Africa aCAPE TOWNc1972bSOUTH AFRICAN MUSEUM b0 bDonated aShrimps & Prawns of Southern Africa aShrimps & Prawns of Southern Africa